00899 a2200181 4500020001500000040001700015082001900032245020700051246005800258260006300316300003300379650005200412650005100464700001800515942003200533999001500565952013700580 a9810224419 aDLCbEnglish00a532.050151535310aProceedings of the Fifth International Conference on Hyperbolic Problems :btheory, numerics, applications : University at Stony Brook, New York, USA, 13-17, June 1994 /ceditors, J. Glimm ... [et al.].18aHyperbolic problems :btheory, numerics, applications aSingapore ;aRiver Edge, N.J. :bWorld Scientific,cc1996. axi, 494 p. :bill. ;c23 cm. 0aDifferential equations, HyperbolicxCongresses. 0aDifferential equations, NonlinearxCongresses.1 aGlimm, James. cBKk532.0501515353 GLI2ddc c7746d7746 001040708NFICaCLbCLcGENd2003-03-06eDonated by Dr. Arshad Alil0o532.0501515353 GLIpSEECS003190r2012-11-14w2017-01-05yBK